Thương hàn luận

Guardado en:
Detalles Bibliográficos
Autor principal: Trần Thúy
Formato: Libro
Lenguaje:Undetermined
Publicado: H. Y Học 2002
Materias:
Etiquetas: Agregar Etiqueta
Sin Etiquetas, Sea el primero en etiquetar este registro!
Thư viện lưu trữ: Trung tâm Học liệu Trường Đại học Cần Thơ
LEADER 00498nam a2200181Ia 4500
001 CTU_54129
008 210402s9999 xx 000 0 und d
020 |b 28000 
082 |a 615.882 
082 |b Th523 
100 |a Trần Thúy 
245 0 |a Thương hàn luận 
245 0 |c Trần Thúy và Nguyễn Nhược Kim 
260 |a H. 
260 |b Y Học 
260 |c 2002 
650 |a folk medicine,typhoid fever 
980 |a Trung tâm Học liệu Trường Đại học Cần Thơ